000 00837nam a2200253 4500
003 OSt
005 20260530115318.0
008 260508b1981 |||a|||| |||| 001 0 eng d
040 _aICI
_bspa
_cICI
_erda
050 _aHE9803
_bS95
100 _aAlvarez F., Manuel
_eautor
_934046
245 _aSymbol signs:
_bThe system of passenger/pedestrian oriented symbols developed for the U.S. Department of Transportation/
_cAlvarez F., Manuel
264 _aNew York
_bHastings House
_c1981
300 _a240 páginas
336 _2rdacontent
_atexto
337 _2rdamedia
_asin medio
338 _2rdacarrier
_avolumen
650 _aSeñalización gráfica
650 _aSímbolos gráficos
650 _aSeñales de tránsito peatonal
_934049
650 _aComunicación visual
650 _aDiseño gráfico
_918020
942 _2lcc
_n1
_cBK
999 _c13677
_d13677